00456cam a22001097a 4500008004000000082003100040100002500071245012300096260005700219300001100276440005900287180718bn.d. xxu||||| |||| 00| 0 eng d aA81x54 In2/71/17/PT10A&B/H aCensus of India 1971 aPunjab district census handbook, Hoshiyarpur: village and town directory, village and townwise primary census abstract aChandigarhbThe Controller, P. & S. Departmentcn.d. a247+p. aCensus of India 1971. Series-17, Punjab. Parts X-A & B